Art and electronic media / (Record no. 5835)

MARC details
000 -LEADER
fixed length control field 02194cam a22004577a 4500
001 - CONTROL NUMBER
control field 16471455
003 - CONTROL NUMBER IDENTIFIER
control field OSt
005 - DATE AND TIME OF LATEST TRANSACTION
control field 20260428170545.0
008 - FIXED-LENGTH DATA ELEMENTS--GENERAL INFORMATION
fixed length control field 100922s2009 enkag b 001 0 eng d
010 ## - LIBRARY OF CONGRESS CONTROL NUMBER
LC control number 2010282808
020 ## - INTERNATIONAL STANDARD BOOK NUMBER
International Standard Book Number 9780714847825
020 ## - INTERNATIONAL STANDARD BOOK NUMBER
International Standard Book Number 0714847828
035 ## - SYSTEM CONTROL NUMBER
System control number 16471455
035 ## - SYSTEM CONTROL NUMBER
System control number (OCoLC)148703571
040 ## - CATALOGING SOURCE
Original cataloging agency BTCTA
Transcribing agency Foundation University
Modifying agency Foundation University
042 ## - AUTHENTICATION CODE
Authentication code lccopycat
050 00 - LIBRARY OF CONGRESS CALL NUMBER
Classification number N 72.T4
Item number .A78 2009
245 00 - TITLE STATEMENT
Title Art and electronic media /
Statement of responsibility, etc. edited by Edward A. Shanken.
260 ## - PUBLICATION, DISTRIBUTION, ETC.
Place of publication, distribution, etc. London ;
-- New York :
Name of publisher, distributor, etc. Phaidon Press,
Date of publication, distribution, etc. 2009.
264 ## - PRODUCTION, PUBLICATION, DISTRIBUTION, MANUFACTURE, AND COPYRIGHT NOTICE
Copyright Date 2009
300 ## - PHYSICAL DESCRIPTION
Extent 304 p. :
Other physical details ill. (chiefly col.), music ;
Dimensions 30 cm.
Materials specified books
Type of unit books
336 ## - CONTENT TYPE
Content type term text
Content type code txt
Source rdacontent
Materials specified books
337 ## - MEDIA TYPE
Media type term unmediated
Media type code n
Source rdamedia
Materials specified books
338 ## - CARRIER TYPE
Carrier type term volume
Carrier type code nc
Source rdacarrier
Materials specified books
490 0# - SERIES STATEMENT
Series statement Themes and movements
504 ## - BIBLIOGRAPHY, ETC. NOTE
Bibliography, etc. note Includes bibliographical references (p. 292-295) and index.
505 0# - FORMATTED CONTENTS NOTE
Formatted contents note Survey / Edward A. Shanken -- pt. 1. Works. -- Motion, duration, illumination -- Coded form and electronic production -- Charged environments -- Networks, surveillance, culture jamming -- Bodies, surrogates, emergent systems -- Simulations and simulacra -- Exhibitions, institutions, communities, collaborations -- pt. 2. Documents. -- Motion, duration, illumination -- Coded form and electronic production -- Charged environments -- Networks, surveillance, culture jamming -- Bodies, surrogates, emergent systems -- Simulations and simulacra -- Exhibitions, institutions, communities, collaborations.
650 #0 - SUBJECT ADDED ENTRY--TOPICAL TERM
Topical term or geographic name entry element Computer art.
9 (RLIN) 15285
650 #0 - SUBJECT ADDED ENTRY--TOPICAL TERM
Topical term or geographic name entry element Art and technology.
9 (RLIN) 15758
650 #0 - SUBJECT ADDED ENTRY--TOPICAL TERM
Topical term or geographic name entry element Digital media.
9 (RLIN) 15759
650 07 - SUBJECT ADDED ENTRY--TOPICAL TERM
Topical term or geographic name entry element Kunst
Source of heading or term swd
9 (RLIN) 13086
650 07 - SUBJECT ADDED ENTRY--TOPICAL TERM
Topical term or geographic name entry element Elektronische Medien
Source of heading or term swd
9 (RLIN) 15760
650 07 - SUBJECT ADDED ENTRY--TOPICAL TERM
Topical term or geographic name entry element Medienkunst
Source of heading or term swd
9 (RLIN) 15761
650 07 - SUBJECT ADDED ENTRY--TOPICAL TERM
Topical term or geographic name entry element Netzkunst
Source of heading or term swd
9 (RLIN) 15762
700 1# - ADDED ENTRY--PERSONAL NAME
Personal name Shanken, Edward A.,
Dates associated with a name 1964-
9 (RLIN) 15763
906 ## - LOCAL DATA ELEMENT F, LDF (RLIN)
a 7
b cbc
c copycat
d 2
e ncip
f 20
g y-gencatlg
936 ## - OCLC/CONSER MISCELLANEOUS DATA (OCLC); PIECE USED FOR CATALOGING (pre-AACR2) (RLIN)
OCLC control number(s) of parallel record(s) (OCLC); Piece used for cataloging, PUC (RLIN) PR 255816588
942 ## - ADDED ENTRY ELEMENTS (KOHA)
Source of classification or shelving scheme Library of Congress Classification
Koha item type Books
Classification part N 72.T4
Item part .2009 A78
Call number prefix (DAFA-FA)
Holdings
Withdrawn status Lost status Source of classification or shelving scheme Damaged status Not for loan Collection code Home library Current library Shelving location Date acquired Source of acquisition Total Checkouts Full call number Barcode Date last seen Price effective from Koha item type Accession Number
    Library of Congress Classification     Non-fiction Foundation University Library Foundation University Library DoArchitecture & Fine Arts 04/28/2026 Donations   (DAFA-FA) N 72.T4 .2009 A78 0192026003340 04/28/2026 04/28/2026 Books DAFA-2026340